2026/27 Bundesliga Team Logos - Statistics

General Stats
  • This quiz has been taken 14 times
  • The average score is 16 of 17
Answer Stats
Picture Answer % Correct
1. FC Köln
100%
Bayer 04 Leverkusen
100%
Bayern München
100%
Borussia Dortmund
100%
Borussia Mönchengladbach
100%
Eintracht Frankfurt
100%
FC Augsburg
100%
Hamburger SV
100%
Mainz 05
100%
RB Leipzig
100%
SC Freiburg
100%
TSG Hoffenheim
100%
Union Berlin
100%
Vfb Stuttgart
100%
Werder Bremen
100%
Schalke 04
93%
SV Elversberg
43%
No matching quizzes found
Score Distribution
Percent of People with Each Score
Percentile by Number Answered
Your Score History
You have not taken this quiz